书目信息 |
| 题名: |
学林漫录
|
|
| 作者: | 傅璇琮 编 | |
| 分册: | 初集 | |
| 出版信息: | 北京 中华书局 1980 |
|
| 页数: | 256页 | |
| 开本: | 21cm | |
| 丛书名: | ||
| 单 册: | ||
| 中图分类: | Z429.7 , I26 | |
| 科图分类: | ||
| 主题词: | 杂著--中国--现代--选集 , 散文--中国 , 散文--作品综合集--中国 | |
| 电子资源: | ||
| ISBN: | ||
| 000 | 00672nam0 2200265 45 | |
| 001 | 1560578791 | |
| 005 | 20150121165023.90 | |
| 010 | @dCNY0.93 | |
| 091 | @aCN@b17018.88 | |
| 100 | @a19950704d1980 em y0chiy0121 ea | |
| 101 | 0 | @achi |
| 102 | @aCN@b110000 | |
| 105 | @ay z 000yy | |
| 200 | 10 | @a学林漫录@Axue lin man lu@h初集@f傅璇琮编 |
| 210 | @a北京@c中华书局@d1980 | |
| 215 | @a256页@d21cm | |
| 606 | @a杂著@y中国@z现代@x选集 | |
| 606 | 0 | @a散文@x中国 |
| 606 | 0 | @a散文@x作品综合集@x中国 |
| 690 | @aZ429.7@v3 | |
| 690 | @aI26@v4 | |
| 701 | 0 | @a傅璇琮@Afu xuan cong@4编 |
| 801 | 0 | @aCN@bTSSF@c20150121 |
| 801 | 2 | @aCN@bNLC |
| 905 | @aZUCC@dI26@eJY33:1 | |
| 学林漫录.初集/傅璇琮编.-北京:中华书局,1980 |
| 256页;21cm |
| ISBN :CNY0.93 |
| ● |
| 相关链接 |
|
|
|
|
正题名:学林漫录
索取号:I26/JY33:1
 
预约/预借
| 序号 | 登录号 | 条形码 | 馆藏地/架位号 | 状态 | 备注 |
| 1 | 7840943 | 278409438 | 学院路分馆/ [索取号:I26/JY33:1] | 在馆 |